| 000 | 00923nam a22002177a 4500 | ||
|---|---|---|---|
| 999 |
_c5311 _d5311 |
||
| 003 | AR-CdUCM | ||
| 008 | 190312b ||||| |||| 00| 0 spa d | ||
| 040 |
_aMUNICIPALIDAD PROVINCIAL DEL CUSCO _cBIBLIOTECA MUNICIPAL DEL CUSCO |
||
| 082 |
_a800.4 / _bC27 |
||
| 100 |
_aCcollatupa Ballón, Venancia _916049 |
||
| 245 |
_aPersonajes celebres de las ciencias Matematicas Fisicas : _bMarie Curie / |
||
| 260 |
_aPerú : _bCybercopy , _c2004. |
||
| 300 |
_a176 páginas ; _c20.5 cm. |
||
| 505 | _aContenido : Thales de Mileto -- Pitagoras de Samos -- Anaxagoras de Clazomenae -- Zenón de Elea -- Platón -- Aristoteles -- Euclídes -- Filón de Bizancio -- Arquimedes de Siracusa -- Eratosthenes De Cirene... | ||
| 650 |
_aPersonajes Celebres _916050 |
||
| 650 |
_aGlosario de Personajes _916051 |
||
| 650 |
_aMatemática, Fisicas _916052 |
||
| 700 |
_aCumpa Palacion, Bertha _916053 |
||
| 942 |
_2ddc _cLIBROS |
||
| 945 | _artm | ||